Sports Quiz

Random Sports or NCAA Quiz

Pac-12 Quiz Stats

 Plays Quiz Updated Mar 8, 2017

     
Support Sporcle.
Go Orange.
Score 0/24 Timer 05:00
18 Plays Today
% Correct
Oregon
95.3%
Southern California
93.8%
Washington
93.3%
UCLA
92.7%
Oregon State
91.8%
Arizona
91.7%
Washington State
90.1%
Arizona State
90.1%
Ducks
89.9%
UC Berkeley
89.7%
Trojans
88.4%
Bruins
85.7%
% Correct
Wildcats
83.7%
Stanford
82.7%
Sun Devils
82.1%
Huskies
81.9%
Beavers
81.8%
Colorado
77%
Utah
76.3%
Golden Bears
75.9%
Cardinal
74.2%
Utes
67.7%
Cougars
65.3%
Buffaloes
64.5%

From the Vault

Sunday Crossword: Return of the Diagonal Line (Again)

by AuroraIllumina

A bunch of high school geometry students just thought of the hypotenuse.
Remove Ads.
Support Sporcle.
Get the best of Sporcle when you Go Orange. This ad-free experience offers more features, more stats, and more fun while also helping to support Sporcle. Thank you for becoming a member.

Show Comments

Extras

Top Quizzes Today


Score Distribution

Your Account Isn't Verified!

In order to create a playlist on Sporcle, you need to verify the email address you used during registration. Go to your Sporcle Settings to finish the process.

Report this User

Report this user for behavior that violates our Community Guidelines.

Details: